[Event "Asia-chT 18th"]
[Site "Tabriz"]
[Date "2014.05.28"]
[Round "8.3"]
[White "Abu Khalf, Yousef"]
[Black "Lalith, Babu MR"]
[Result "0-1"]
[WhiteElo "1756"]
[BlackElo "2571"]
[PlyCount "58"]
[EventDate "2014.05.22"]
[EventType "team-tourn"]
[EventRounds "9"]
[EventCountry "IRI"]
[SourceTitle "CBM 160 Extra"]
[Source "ChessBase"]
[SourceDate "2014.07.01"]
[SourceVersion "1"]
[SourceVersionDate "2014.07.01"]
[SourceQuality "1"]
[WhiteTeam "Jordan"]
[BlackTeam "India"]
[WhiteTeamCountry "JOR"]
[BlackTeamCountry "IND"]

1. d4 Nf6 2. Nf3 e6 3. Bg5 h6 4. Bh4 c5 5. e3 Qb6 6. Qc1 Nc6 7. c3 d5 8. Bd3 Bd6 9. Nbd2 Bd7 10. a4 Qc7 11. 0-0 Ng4 12. Bg3 Bxg3 13. hxg3 h5 14. e4 0-0-0 15. b4 h4 16. gxh4 Rxh4 17. e5 Rh5 18. g3 f6 19. Nh4 g5 20. b5 gxh4 21. bxc6 Bxc6 22. Be2 Rg8 23. Qd1 f5 24. Bxg4 Rxg4 25. Kg2 Qg7 26. Rh1 f4 27. Nf1 Rf5 28. Nh2 f3+ 29. Kh3 Rxg3+ 0-1

[Event "Asian-ch Amateur 4th"]
[Site "Amman"]
[Date "2014.01.26"]
[Round "3.7"]
[White "Fauzi, Akram"]
[Black "Abu Khalf, Yousef"]
[Result "1-0"]
[WhiteElo "1911"]
[BlackElo "1769"]
[PlyCount "86"]
[EventDate "2014.01.25"]
[EventType "swiss"]
[EventRounds "9"]
[EventCountry "JOR"]
[SourceTitle "EXT 2024"]
[Source "ChessBase"]
[SourceDate "2023.10.10"]
[SourceVersion "1"]
[SourceVersionDate "2023.10.10"]
[SourceQuality "1"]

1. e4 d5 2. exd5 Qxd5 3. Nc3 Qd6 4. d4 c6 5. Nf3 Nf6 6. Ne5 Nbd7 7. Nc4 Qc7 8. g3 Nb6 9. Bf4 Qd8 10. Nxb6 Qxb6 11. Qd2 Nd5 12. Nxd5 cxd5 13. 0-0-0 e6 14. Bd3 Bd7 15. Qe3 Be7 16. h4 Rc8 17. h5 Bb5 18. h6 g6 19. Be5 Bxd3 20. Qxd3 f6 21. Bf4 Rc6 22. g4 Kd7 23. Bd2 Rhc8 24. c3 Rc4 25. Kb1 Qa6 26. f4 Ra4 27. Qxa6 Rxa6 28. f5 g5 29. Rde1 Re8 30. b3 b5 31. Ref1 Bf8 32. Rh2 Ke7 33. Rc1 Kf7 34. c4 bxc4 35. bxc4 Rb6+ 36. Ka1 Ba3 37. cxd5 Bxc1 38. dxe6+ Ke7 39. Bxc1 Reb8 40. Rb2 Kd8 41. d5 Rxb2 42. Bxb2 Rb4 43. d6 Rb7 1-0